| 000 | 00383nam a22001577a 4500 | ||
|---|---|---|---|
| 008 | 150901b xxu||||| |||| 00| 0 eng d | ||
| 020 | _a- | ||
| 040 | _cLIBRARY | ||
| 082 | _a620.106 KAU | ||
| 100 |
_96304 _aKaufmann, Walther |
||
| 245 |
_aFluid Mechanics _cWalther Kaufmann |
||
| 260 | _cc1963 | ||
| 300 | _a432p. | ||
| 650 |
_96305 _bMechanical Engineering _xME |
||
| 942 |
_2ddc _cBK |
||
| 999 |
_c64951 _d64951 |
||